[Event "4NCL/Div2a/WRO2 vs. BRJ"]
[Site "Hinckley Island ENG"]
[Date "2010.01.17"]
[Round "4.4"]
[White "Padilla Cabero, Pablo"]
[Black "Shaw, Peter"]
[Result "1/2-1/2"]
[WhiteElo "2169"]
[BlackElo "2156"]
[PlyCount "59"]
[EventDate "2010.01.17"]
[EventRounds "11"]
[EventCountry "ENG"]
[SourceDate "2009.10.24"]

1. e4 e6 2. d4 d5 3. Bb5+ c6 4. Ba4 dxe4 5. c3 Nf6 6. Nd2 Bd7 7. Bc2 c5 8. Nxe4
Bc6 9. Bg5 cxd4 10. Nf3 Be7 11. Bxf6 Bxf6 12. Nxd4 Bxd4 13. Qxd4 Qxd4 14. cxd4
Nd7 15. O-O Ke7 16. Rfe1 Nf6 17. Nc3 Rhd8 18. Rad1 Rd7 19. Rd2 Rad8 20. Red1 g5
21. f3 h6 22. Bb3 h5 23. Kf2 g4 24. Ke3 gxf3 25. gxf3 Rg8 26. d5 Nxd5+ 27.
Nxd5+ Bxd5 28. Bxd5 Rxd5 29. Rxd5 exd5 30. Rxd5 1/2-1/2

[Event "4NCL/Div2a/WRO2 vs. BRJ"]
[Site "Hinckley Island ENG"]
[Date "2010.01.17"]
[Round "4.5"]
[White "O'Driscoll, Keiran"]
[Black "Hackett, Dave G"]
[Result "1/2-1/2"]
[WhiteElo "2062"]
[BlackElo "2140"]
[PlyCount "59"]
[EventDate "2010.01.17"]
[EventRounds "11"]
[EventCountry "ENG"]
[SourceDate "2009.10.24"]

1. d4 Nf6 2. c4 e6 3. Nf3 c5 4. Nc3 cxd4 5. Nxd4 Nc6 6. g3 Bc5 7. Nb3 Bb4 8.
Bg2 d5 9. cxd5 Nxd5 10. Bd2 Nxc3 11. Bxc3 Bxc3+ 12. bxc3 Qc7 13. O-O Ke7 14.
Nd4 Rd8 15. Nxc6+ bxc6 16. Qa4 Rb8 17. Qh4+ Kf8 18. Qxh7 Qe5 19. Bxc6 Ba6 20.
Rfd1 Qxc3 21. Qh8+ Ke7 22. Qh4+ f6 23. Bf3 Qe5 24. Rac1 Rxd1+ 25. Rxd1 Bxe2 26.
Bxe2 Qxe2 27. Qd4 Kf7 28. Qxa7+ Kg6 29. Qd4 Rb2 30. Qd3+ 1/2-1/2

[Event "4NCL/Div2a/WRO2 vs. BRJ"]
[Site "Hinckley Island ENG"]
[Date "2010.01.17"]
[Round "4.6"]
[White "Bourne, Johnathan D"]
[Black "Archer, Richard"]
[Result "1-0"]
[WhiteElo "2073"]
[BlackElo "2066"]
[PlyCount "49"]
[EventDate "2010.01.17"]
[EventRounds "11"]
[EventCountry "ENG"]
[SourceDate "2009.10.24"]

1. e4 c5 2. a3 Nc6 3. b4 cxb4 4. axb4 d6 5. b5 Nb8 6. d4 g6 7. Nf3 Bg7 8. Be2
Nf6 9. Nbd2 O-O 10. O-O Bg4 11. Ra3 Qb6 12. Nc4 Qxb5 13. Nxd6 Qd7 14. Nc4 Nxe4
15. Nce5 Bxe5 16. Nxe5 Bxe2 17. Qxe2 Qxd4 18. Nf3 Qb4 19. Rb3 Qa4 20. Bb2 Na6
21. Ra1 Qc6 22. Ne5 Qe6 23. Qxe4 Nc5 24. Ng4 h5 25. Qd4 1-0

[Event "4NCL/Div2a/WRO2 vs. BRJ"]
[Site "Hinckley Island ENG"]
[Date "2010.01.17"]
[Round "4.7"]
[White "Webb, Matthew D"]
[Black "Richmond, Jane"]
[Result "1-0"]
[WhiteElo "1986"]
[BlackElo "2118"]
[PlyCount "123"]
[EventDate "2010.01.17"]
[EventRounds "11"]
[EventCountry "ENG"]
[SourceDate "2009.10.24"]

1. e4 e5 2. Bc4 Nf6 3. d4 exd4 4. Nf3 d5 5. exd5 Bb4+ 6. c3 Qe7+ 7. Qe2 Qxe2+
8. Kxe2 dxc3 9. bxc3 Bc5 10. Be3 Nbd7 11. Nbd2 O-O 12. Kd3 b6 13. Nb3 Bxe3 14.
fxe3 Re8 15. Rae1 Bb7 16. e4 Ng4 17. Bb5 Nf2+ 18. Ke3 Nxh1 19. Bxd7 Re7 20. Bc6
Bxc6 21. dxc6 Rae8 22. Nbd2 f5 23. Rxh1 fxe4 24. Nd4 Re5 25. Re1 Ra5 26. Nxe4
Rxa2 27. Kd3 Rd8 28. Nd2 Kf7 29. Re2 a6 30. Kc4 Ra4+ 31. Kb3 Ra1 32. N2f3 Rd5
33. Ne5+ Kf6 34. Nd7+ Kf7 35. Kc4 Rda5 36. Nb3 R5a4+ 37. Kd3 Rd1+ 38. Kc2 Rd6
39. Nd4 Ra2+ 40. Kd3 Rxe2 41. Kxe2 Ke7 42. Nf5+ Ke6 43. Nxd6 Kxd6 44. Nb8 a5
45. Kd3 b5 46. Kc2 Kc5 47. Kb3 Kd6 48. c4 b4 49. Nd7 Kxc6 50. Ne5+ Kc5 51. Nd3+
Kd4 52. Nf4 Ke5 53. Nd5 Kd6 54. h4 c6 55. Nb6 g6 56. Na4 h6 57. Nb2 g5 58. hxg5
hxg5 59. Nd3 Kc7 60. c5 Kb7 61. Ka4 Ka6 62. Nc1 1-0

[Event "4NCL/Div2a/WRO2 vs. BRJ"]
[Site "Hinckley Island ENG"]
[Date "2010.01.17"]
[Round "4.8"]
[White "Hall, Joshua DW"]
[Black "Hollingworth, Evie"]
[Result "1/2-1/2"]
[WhiteElo "1939"]
[BlackElo "1874"]
[PlyCount "98"]
[EventDate "2010.01.17"]
[EventRounds "11"]
[EventCountry "ENG"]
[SourceDate "2009.10.24"]

1. e4 e5 2. Nf3 Nc6 3. Nc3 Nf6 4. d4 exd4 5. Nxd4 Bc5 6. Be3 Qe7 7. Nf5 Qf8 8.
Nxg7+ Qxg7 9. Bxc5 d6 10. Be3 Bd7 11. Qd2 O-O-O 12. O-O-O Ng4 13. Bf4 Nge5 14.
f3 Rhg8 15. Qe3 Kb8 16. Bg3 Be6 17. Nd5 f5 18. Bh4 Rdf8 19. exf5 Bxf5 20. g4
Bd7 21. Be2 Rf7 22. h3 Re8 23. Qf2 Ng6 24. Bg3 Qh6+ 25. Kb1 Be6 26. Qh2 Bxd5
27. Rxd5 Nf4 28. Bxf4 Qxf4 29. Qxf4 Rxf4 30. Bd3 Rxf3 31. Bxh7 Rxh3 32. Rdd1
Rxh1 33. Rxh1 Rh8 34. Rf1 Kc8 35. Be4 Ne5 36. Kc1 b6 37. Bf5+ Kd8 38. Kd2 Nc4+
39. Kd3 Nxb2+ 40. Kd4 c6 41. Be6 Ke7 42. Bb3 d5 43. Kc3 Nc4 44. Bxc4 dxc4 45.
Kxc4 Rh2 46. Kd3 Ke6 47. Re1+ Kd5 48. Re7 Rh3+ 49. Kd2 Rg3 1/2-1/2

[Event "4NCL/Div2a/AMCAD vs. ANGA"]
[Site "Hinckley Island ENG"]
[Date "2010.01.17"]
[Round "4.1"]
[White "Webb, Richard M"]
[Black "Talsma, Paul A"]
[Result "1-0"]
[WhiteElo "2260"]
[BlackElo "2252"]
[PlyCount "117"]
[EventDate "2010.01.17"]
[EventRounds "11"]
[EventCountry "ENG"]
[SourceDate "2009.10.24"]

1. e4 e5 2. Nf3 Nc6 3. Bb5 a6 4. Bxc6 dxc6 5. O-O f6 6. d4 exd4 7. Nxd4 Bd6 8.
Qh5+ g6 9. Qf3 h5 10. h3 Nh6 11. Bxh6 Rxh6 12. Nd2 Qe7 13. Nc4 Bd7 14. Nxd6+
cxd6 15. Rad1 O-O-O 16. Rfe1 Qe5 17. c4 Rh7 18. Qd3 Be6 19. b4 Bg8 20. a4 Rhd7
21. b5 c5 22. Nc2 Re7 23. f3 Be6 24. Ne3 Qg3 25. Nf1 Qg5 26. Kh1 Qe5 27. Ne3
Qg3 28. bxa6 bxa6 29. Nd5 Rb7 30. Rb1 h4 31. Qd2 Bxh3 32. gxh3 Qxh3+ 33. Kg1
Qxf3 34. Rxb7 Kxb7 35. Rb1+ Ka7 36. Qg2 Qxg2+ 37. Kxg2 f5 38. exf5 gxf5 39. Rf1
Re8 40. Rxf5 Re4 41. Rf7+ Kb8 42. Nb6 Re3 43. Rh7 Rb3 44. a5 Ra3 45. Rxh4 Rxa5
46. Kf3 Ra1 47. Ke3 Kc7 48. Nd5+ Kd7 49. Re4 Kd8 50. Kd3 a5 51. Kc2 a4 52. Re7
Ra2+ 53. Kb1 Ra3 54. Ra7 Kc8 55. Rxa4 Rxa4 56. Nb6+ Kc7 57. Nxa4 d5 58. cxd5
Kd6 59. Nc3 1-0

[Event "4NCL/Div2a/AMCAD vs. ANGA"]
[Site "Hinckley Island ENG"]
[Date "2010.01.17"]
[Round "4.2"]
[White "Munson, Shaun D"]
[Black "Richardson, Keith B"]
[Result "1-0"]
[WhiteElo "2172"]
[BlackElo "2189"]
[PlyCount "58"]
[EventDate "2010.01.17"]
[EventRounds "11"]
[EventCountry "ENG"]
[SourceDate "2009.10.24"]

1. d4 g6 2. Nc3 Bg7 3. e4 d6 4. Bg5 a6 5. Nf3 Nd7 6. Qd2 c5 7. O-O-O cxd4 8.
Nxd4 h6 9. Be3 Ngf6 10. f3 h5 11. h3 b5 12. Nd5 Bb7 13. Bg5 Nxd5 14. exd5 Nf6
15. Nc6 Bxc6 16. dxc6 Rc8 17. Bd3 Rxc6 18. Kb1 h4 19. Rhe1 e6 20. Qe2 Kf8 21.
Be4 Rc5 22. Bf4 d5 23. Be3 Rc6 24. Bd3 Nh5 25. Qf2 Ng3 26. c3 Nf5 27. Bxf5 gxf5
28. Bf4 Bf6 29. Re2 Kg7 1-0

[Event "4NCL/Div2a/AMCAD vs. ANGA"]
[Site "Hinckley Island ENG"]
[Date "2010.01.17"]
[Round "4.3"]
[White "Coates, Kenneth G"]
[Black "Player, Edmund C"]
[Result "1/2-1/2"]
[WhiteElo "2220"]
[BlackElo "2149"]
[PlyCount "107"]
[EventDate "2010.01.17"]
[EventRounds "11"]
[EventCountry "ENG"]
[SourceDate "2009.10.24"]

1. d4 d5 2. Nf3 Nf6 3. Bf4 c5 4. c3 Qb6 5. Qb3 c4 6. Qxb6 axb6 7. e3 Nc6 8.
Nbd2 b5 9. Be2 b4 10. O-O Bf5 11. Ne5 e6 12. g4 bxc3 13. bxc3 Bc2 14. Rfc1 Ba4
15. Rcb1 Ra7 16. Nxc6 Bxc6 17. a4 Be7 18. Bc7 Kd7 19. Bb6 Rxa4 20. g5 Rxa1 21.
Rxa1 Ne8 22. Nf3 f6 23. Ra8 Rf8 24. gxf6 gxf6 25. Bc5 Nd6 26. Rxf8 Bxf8 27. Nd2
Be7 28. e4 Nxe4 29. Nxe4 dxe4 30. Bxe7 Kxe7 31. Bxc4 Kd6 32. Kf1 b5 33. Bb3 Bd5
34. Bc2 Bc4+ 35. Ke1 Kd5 36. Kd2 e5 37. dxe5 Kxe5 38. Ke3 f5 39. f3 exf3 40.
Kxf3 Bd5+ 41. Kf2 h6 42. Bd3 Bc4 43. Bc2 Kf4 44. Bd1 Ke4 45. Bc2+ Bd3 46. Bd1
Kf4 47. Bf3 Be4 48. Be2 Bc6 49. Bd1 Ke5 50. Bb3 Kd6 51. Ke3 Kc5 52. Be6 Be4 53.
Bb3 Bd5 54. Bd1 1/2-1/2

[Event "4NCL/Div2a/AMCAD vs. ANGA"]
[Site "Hinckley Island ENG"]
[Date "2010.01.17"]
[Round "4.4"]
[White "Gregory, Stephen J"]
[Black "Turner, Caius AW"]
[Result "0-1"]
[WhiteElo "2126"]
[BlackElo "2122"]
[PlyCount "80"]
[EventDate "2010.01.17"]
[EventRounds "11"]
[EventCountry "ENG"]
[SourceDate "2009.10.24"]

1. e4 d6 2. d4 Nf6 3. Nc3 g6 4. g3 Bg7 5. Bg2 O-O 6. Nge2 e5 7. O-O Nc6 8. d5
Ne7 9. Na4 b5 10. Nac3 b4 11. Nb1 Bd7 12. a3 a5 13. h3 c6 14. Be3 cxd5 15. exd5
Qc8 16. g4 h5 17. g5 Ne8 18. axb4 Bxh3 19. Rxa5 Bxg2 20. Kxg2 Rb8 21. c3 Nf5
22. Ng3 f6 23. Nd2 Nxe3+ 24. fxe3 fxg5 25. Rxf8+ Bxf8 26. Qc2 Kg7 27. Nf3 Be7
28. Ne4 Rxb4 29. Ra7 Rb7 30. Rxb7 Qxb7 31. c4 Qd7 32. Nf2 g4 33. Ng1 h4 34. Qe2
Nf6 35. e4 Bd8 36. Qe3 Qb7 37. Qe2 Qb3 38. Nxg4 Qg3+ 39. Kf1 Nxg4 40. Qd2 Nh2+
0-1

[Event "4NCL/Div2a/AMCAD vs. ANGA"]
[Site "Hinckley Island ENG"]
[Date "2010.01.17"]
[Round "4.5"]
[White "Norman, Kenneth I"]
[Black "Fegan, Chris"]
[Result "1/2-1/2"]
[WhiteElo "2182"]
[BlackElo "2078"]
[PlyCount "84"]
[EventDate "2010.01.17"]
[EventRounds "11"]
[EventCountry "ENG"]
[SourceDate "2009.10.24"]

1. Nf3 g6 2. c4 Bg7 3. d4 d6 4. Nc3 a6 5. g3 Nc6 6. Bg2 Bg4 7. e3 e5 8. d5 Nce7
9. h3 Bxf3 10. Bxf3 f5 11. e4 Nf6 12. h4 Qd7 13. h5 Rf8 14. hxg6 hxg6 15. Bg5
O-O-O 16. Qe2 Kb8 17. O-O-O Rf7 18. Kb1 Rdf8 19. Rh2 c6 20. Bxf6 Bxf6 21. exf5
gxf5 22. dxc6 Nxc6 23. Bxc6 Qxc6 24. Rh5 e4 25. Nd5 Be5 26. Rh6 Rc8 27. b3 Qe8
28. Nf4 Rd8 29. Re6 Qg8 30. Qh5 Rdf8 31. Rg6 Rg7 32. Rxg7 Qxg7 33. Ne6 Qh8 34.
Rh1 Qxh5 35. Rxh5 Re8 36. Nf4 Bxf4 37. gxf4 Rf8 38. Kc2 Kc7 39. Kc3 Kc6 40. a4
Rf6 41. Kd4 a5 42. Rg5 b6 1/2-1/2

[Event "4NCL/Div2a/AMCAD vs. ANGA"]
[Site "Hinckley Island ENG"]
[Date "2010.01.17"]
[Round "4.6"]
[White "Merry, Alan B"]
[Black "Frostick, Clive A"]
[Result "0-1"]
[WhiteElo "2074"]
[BlackElo "2160"]
[PlyCount "80"]
[EventDate "2010.01.17"]
[EventRounds "11"]
[EventCountry "ENG"]
[SourceDate "2009.10.24"]

1. d4 d5 2. c4 e6 3. Nc3 Nf6 4. Bg5 Nbd7 5. e3 c6 6. Nf3 Qa5 7. Bxf6 Nxf6 8.
Nd2 Be7 9. Bd3 dxc4 10. Nxc4 Qc7 11. Rc1 Nd5 12. O-O Bd6 13. Nxd6+ Qxd6 14. Ne4
Qe7 15. a3 O-O 16. Qc2 e5 17. Rfe1 Bf5 18. Qb3 Rad8 19. Nc5 Bxd3 20. Nxd3 exd4
21. exd4 Qc7 22. Nc5 b6 23. Nd3 Nf4 24. Ne5 Rfe8 25. g3 Ng6 26. Rxc6 Qb7 27.
Qc4 Nxe5 28. dxe5 h6 29. f4 Rd2 30. Re4 b5 31. Qc5 Red8 32. Rb4 a6 33. a4 R8d5
34. Qb6 Qd7 35. Re4 Qh3 36. Qf2 Rxf2 37. Kxf2 Qxh2+ 38. Kf3 Qh1+ 39. Ke3 Qe1+
40. Kf3 Rd3+ 0-1

[Event "4NCL/Div2a/AMCAD vs. ANGA"]
[Site "Hinckley Island ENG"]
[Date "2010.01.17"]
[Round "4.7"]
[White "Purdon, Colin"]
[Black "Cook, Michael P"]
[Result "1-0"]
[WhiteElo "2102"]
[BlackElo "2073"]
[PlyCount "85"]
[EventDate "2010.01.17"]
[EventRounds "11"]
[EventCountry "ENG"]
[SourceDate "2009.10.24"]

1. d4 d5 2. c4 e6 3. Nc3 c5 4. cxd5 exd5 5. Nf3 Nc6 6. g3 Nf6 7. Bg2 Be6 8. O-O
h6 9. Be3 Ng4 10. Bf4 Be7 11. h3 Nf6 12. dxc5 Bxc5 13. Nb5 Rc8 14. Rc1 Be7 15.
Qa4 O-O 16. Nxa7 Nxa7 17. Qxa7 Qd7 18. Kh2 Qb5 19. Nd4 Qxb2 20. Rb1 Qc3 21.
Nxe6 fxe6 22. Rxb7 Ra8 23. Qb6 Ba3 24. Qxe6+ Kh8 25. Be5 Qc2 26. Bxf6 Rxf6 27.
Qxd5 Re8 28. Qb3 Qc5 29. e3 Qf8 30. f4 Bc5 31. Rd1 Rfe6 32. e4 Rd6 33. e5 Rxd1
34. Qxd1 Be3 35. Qd3 Bf2 36. Qc2 Be3 37. Qc3 Bf2 38. a4 Rd8 39. Qc2 Be3 40. Qc3
Bd2 41. Qc4 Qa3 42. Qf7 Rg8 43. Bd5 1-0

[Event "4NCL/Div2a/AMCAD vs. ANGA"]
[Site "Hinckley Island ENG"]
[Date "2010.01.17"]
[Round "4.8"]
[White "Wallis, Ian J"]
[Black "Zhu, Yao Yao"]
[Result "1-0"]
[WhiteElo "1982"]
[BlackElo "1954"]
[PlyCount "79"]
[EventDate "2010.01.17"]
[EventRounds "11"]
[EventCountry "ENG"]
[SourceDate "2009.10.24"]

1. e4 e5 2. Nf3 Nc6 3. Bb5 a6 4. Ba4 Nf6 5. Qe2 Be7 6. O-O b5 7. Bb3 O-O 8. c3
d6 9. Rd1 Bg4 10. h3 Bh5 11. d3 Re8 12. Nbd2 Na5 13. Bc2 c5 14. Nf1 Qc7 15. Ng3
Bg6 16. Nh4 Nd7 17. Nhf5 Bf8 18. Qf3 Nc6 19. Bg5 h6 20. Be3 Ne7 21. Rac1 Qc6
22. Bb3 Nxf5 23. Bd5 Qc8 24. exf5 Bh7 25. Bxa8 Qxa8 26. Qxa8 Rxa8 27. d4 c4 28.
dxe5 Nxe5 29. b3 Re8 30. bxc4 Nxc4 31. Bd4 d5 32. Re1 Rd8 33. Re2 f6 34. Rce1
Kf7 35. Re6 a5 36. Rc6 Bd6 37. Bc5 Be5 38. f4 Bxf4 39. Re7+ Kg8 40. Nh5 1-0

[Event "4NCL/Div2a/KHE vs. SAMS"]
[Site "Hinckley Island ENG"]
[Date "2010.02.21"]
[Round "6.1"]
[White "McMichael, Richard J"]
[Black "Rendle, Thomas E"]
[Result "1/2-1/2"]
[WhiteElo "2286"]
[BlackElo "2396"]
[PlyCount "85"]
[EventDate "2010.02.21"]
[SourceDate "2009.10.24"]

1. c4 f5 2. g3 Nf6 3. Bg2 g6 4. Nc3 d6 5. e3 Bg7 6. Nge2 O-O 7. d4 Nc6 8. b3 e5
9. Bb2 e4 10. h4 Be6 11. Nf4 Bf7 12. Qd2 a5 13. a3 Qd7 14. h5 Nxh5 15. Nxh5
gxh5 16. Bf1 a4 17. b4 Ne7 18. Be2 Rfd8 19. O-O-O b6 20. Qc2 Qe8 21. Nb5 Rd7
22. Rh2 c6 23. Nc3 b5 24. Rdh1 bxc4 25. Bxh5 h6 26. g4 d5 27. Nxa4 Rda7 28. Nc5
Bxh5 29. Rxh5 Qg6 30. gxf5 Nxf5 31. a4 Bf6 32. a5 Bg5 33. Qe2 Rf8 34. Bc3 Nd6
35. Be1 Raf7 36. Qc2 Rg7 37. R5h3 Nb5 38. Kb2 Rf6 39. Bc3 Rgf7 40. a6 Qg7 41.
Rg1 Rg6 42. Rg2 Rgf6 43. Qd1 1/2-1/2

[Event "4NCL/Div2a/KHE vs. SAMS"]
[Site "Hinckley Island ENG"]
[Date "2010.02.21"]
[Round "6.2"]
[White "Varnam, Liam D"]
[Black "Wittmann, Jochen"]
[Result "1/2-1/2"]
[WhiteElo "2148"]
[BlackElo "2266"]
[PlyCount "65"]
[EventDate "2010.02.21"]
[SourceDate "2009.10.24"]

1. e4 e5 2. Nf3 Nc6 3. Bb5 f5 4. d4 fxe4 5. Bxc6 bxc6 6. Nxe5 Nf6 7. O-O Bd6 8.
Bg5 O-O 9. Nd2 Qe8 10. Nec4 Qg6 11. Nxd6 cxd6 12. Bh4 d5 13. Nb3 d6 14. Qd2 Bd7
15. Rac1 Rae8 16. c4 dxc4 17. Rxc4 Nd5 18. Re1 Rf4 19. Bg3 Rg4 20. Qc2 h5 21.
h3 Rg5 22. h4 Rg4 23. Nd2 Rxg3 24. fxg3 Qxg3 25. Rxe4 Nf4 26. Rxe8+ Bxe8 27.
Nf3 Bg6 28. Qd2 Bd3 29. Rc3 Be2 30. Ne1 Nh3+ 31. Kh1 Nf2+ 32. Kg1 Nh3+ 33. Kh1
1/2-1/2

[Event "4NCL/Div2a/KHE vs. SAMS"]
[Site "Hinckley Island ENG"]
[Date "2010.02.21"]
[Round "6.3"]
[White "Thomas, Rik H"]
[Black "Williams, Samuel G"]
[Result "1-0"]
[WhiteElo "2220"]
[BlackElo "2198"]
[PlyCount "93"]
[EventDate "2010.02.21"]
[SourceDate "2009.10.24"]

1. Nf3 Nf6 2. g3 g6 3. Bg2 Bg7 4. O-O O-O 5. c4 d5 6. cxd5 Nxd5 7. Nc3 Nb6 8.
d3 Nc6 9. Be3 Nd4 10. Nxd4 Bxd4 11. Bh6 Re8 12. Qc2 c6 13. e3 Bg7 14. Bxg7 Kxg7
15. d4 e5 16. Rfd1 exd4 17. Rxd4 Qe7 18. Ne4 Bf5 19. Qc3 Bxe4 20. Rxe4+ Qf6 21.
Rd4 Rad8 22. Rad1 Rxd4 23. Rxd4 Qe5 24. Qa3 Qc7 25. Qd6 Qxd6 26. Rxd6 Kf8 27.
Kf1 Re5 28. Rd8+ Re8 29. Rxe8+ Kxe8 30. b3 h5 31. h4 Nd5 32. a3 a5 33. Ke2 Nc3+
34. Kd3 Nb5 35. a4 Nc7 36. Kc4 Ne6 37. Bh3 Kd7 38. e4 Kd6 39. f4 b6 40. e5+ Ke7
41. f5 Nc5 42. Bg2 Kd7 43. e6+ Ke7 44. exf7 Kxf7 45. fxg6+ Kxg6 46. Bxc6 Kf5
47. Bf3 1-0

[Event "4NCL/Div2a/KHE vs. SAMS"]
[Site "Hinckley Island ENG"]
[Date "2010.02.21"]
[Round "6.4"]
[White "Adair, James"]
[Black "Mackenzie, Colin"]
[Result "1-0"]
[WhiteElo "2167"]
[BlackElo "2120"]
[PlyCount "95"]
[EventDate "2010.02.21"]
[SourceDate "2009.10.24"]

1. d4 e6 2. c4 Nf6 3. Nc3 Bb4 4. Qc2 d5 5. a3 Bxc3+ 6. Qxc3 Ne4 7. Qc2 O-O 8.
Nf3 b6 9. e3 Bb7 10. Be2 Nd7 11. O-O c5 12. dxc5 dxc4 13. Bxc4 Ng5 14. Nxg5
Qxg5 15. f4 Qxc5 16. b4 Qc6 17. Qe2 Rac8 18. Bd3 e5 19. Bb2 e4 20. Bb5 Qc2 21.
Rf2 Qxe2 22. Rxe2 Rfd8 23. Rd2 Nf8 24. Rad1 Rxd2 25. Rxd2 f5 26. h3 Kf7 27. g4
g6 28. Be5 fxg4 29. hxg4 h5 30. gxh5 gxh5 31. Be2 h4 32. Bh5+ Ke7 33. Rg2 Ne6
34. f5 Rc1+ 35. Kh2 Nd8 36. Rg7+ Kf8 37. f6 Rc6 38. Rd7 Rc2+ 39. Kg1 Rc1+ 40.
Kf2 Rc2+ 41. Ke1 Rc1+ 42. Kd2 Rc8 43. Bd6+ Kg8 44. f7+ Nxf7 45. Bxf7+ Kg7 46.
Bd5+ Kf6 47. Bxb7 Rh8 48. Bf4 1-0

[Event "4NCL/Div2a/KHE vs. SAMS"]
[Site "Hinckley Island ENG"]
[Date "2010.02.21"]
[Round "6.5"]
[White "Ward, Julian T"]
[Black "Edgell, Ben P"]
[Result "1/2-1/2"]
[WhiteElo "2132"]
[BlackElo "2100"]
[PlyCount "34"]
[EventDate "2010.02.21"]
[SourceDate "2009.10.24"]

1. Nf3 Nf6 2. c4 c5 3. g3 g6 4. Bg2 Nc6 5. d4 cxd4 6. Nxd4 Nxd4 7. Qxd4 d6 8.
O-O Bg7 9. Nc3 O-O 10. Qd2 Rb8 11. b3 a6 12. Bb2 b5 13. Nd5 Nxd5 14. Bxg7 Kxg7
15. cxd5 Qb6 16. Rfc1 Bd7 17. Rc2 b4 1/2-1/2

[Event "4NCL/Div2a/KHE vs. SAMS"]
[Site "Hinckley Island ENG"]
[Date "2010.02.21"]
[Round "6.6"]
[White "Russell, Christopher"]
[Black "Stevenson, James AB"]
[Result "1/2-1/2"]
[WhiteElo "2065"]
[BlackElo "2097"]
[PlyCount "46"]
[EventDate "2010.02.21"]
[SourceDate "2009.10.24"]

1. e4 Nf6 2. Nc3 e5 3. g3 Nc6 4. Bg2 Bc5 5. Nge2 d6 6. h3 a6 7. d3 h6 8. O-O g5
9. Kh2 g4 10. h4 Bd7 11. Bd2 Qe7 12. Qc1 Qf8 13. a3 Qg7 14. b4 Ba7 15. Rb1 Ne7
16. b5 Bc5 17. bxa6 b6 18. Nb5 Bxb5 19. Rxb5 Rxa6 20. Rb3 Nc6 21. Bb4 O-O 22.
c3 Re8 23. Qd2 Rea8 1/2-1/2

[Event "4NCL/Div2a/KHE vs. SAMS"]
[Site "Hinckley Island ENG"]
[Date "2010.02.21"]
[Round "6.7"]
[White "Davey, Mark"]
[Black "Ackley, Peter JE"]
[Result "0-1"]
[WhiteElo "2020"]
[BlackElo "2092"]
[PlyCount "68"]
[EventDate "2010.02.21"]
[SourceDate "2009.10.24"]

1. c4 f5 2. d4 Nf6 3. Nf3 e6 4. g3 Be7 5. Bg2 O-O 6. Nc3 d6 7. O-O a5 8. Qd3
Nc6 9. e4 e5 10. exf5 Nb4 11. Qb1 Ng4 12. dxe5 Bxf5 13. Ne4 Nxe5 14. Nxe5 dxe5
15. Be3 Qe8 16. Qc1 Qg6 17. Bc5 Bxc5 18. Nxc5 Nc2 19. Bxb7 Rad8 20. Bd5+ Kh8
21. Nb7 Ra8 22. Qd2 Nxa1 23. Rxa1 a4 24. Nc5 Qd6 25. Qe3 c6 26. Bg2 Rfb8 27.
Bf3 Rxb2 28. Rd1 Qf6 29. a3 h6 30. Qc3 Rc2 31. Qe3 Rxc4 32. Nd7 Bxd7 33. Rxd7
Rf8 34. Be4 Rxe4 0-1

[Event "4NCL/Div2a/KHE vs. SAMS"]
[Site "Hinckley Island ENG"]
[Date "2010.02.21"]
[Round "6.8"]
[White "Khoo, Selina"]
[Black "Sant, Maria L"]
[Result "1-0"]
[WhiteElo "1981"]
[BlackElo "1066"]
[PlyCount "43"]
[EventDate "2010.02.21"]
[SourceDate "2009.10.24"]

1. e4 e5 2. Bc4 Nf6 3. d3 d6 4. f4 Bg4 5. Nf3 Nc6 6. h3 Bxf3 7. Qxf3 Nd4 8. Qf2
Qd7 9. Be3 O-O-O 10. Bxd4 exd4 11. Qxd4 g6 12. Qxf6 Bh6 13. O-O a5 14. Nc3 b6
15. Nd5 Qa4 16. b3 Qa3 17. Ba6+ Kb8 18. Qxf7 Qc5+ 19. Kh1 Qxc2 20. Rac1 Qxa2
21. Qxc7+ Ka8 22. Qb7# 1-0

[Event "4NCL/Div2a/BARY vs. WES1"]
[Site "Hinckley Island ENG"]
[Date "2010.02.21"]
[Round "6.1"]
[White "Twyble, Michael S"]
[Black "Lock, Gavin R"]
[Result "1/2-1/2"]
[WhiteElo "2264"]
[BlackElo "2170"]
[PlyCount "35"]
[EventDate "2010.02.21"]
[SourceDate "2009.10.24"]

1. c4 f5 2. g3 Nf6 3. Bg2 g6 4. Nc3 Bg7 5. d3 d6 6. e4 fxe4 7. dxe4 O-O 8. Nge2
c5 9. O-O Nc6 10. h3 e5 11. Nd5 Be6 12. Nec3 Qd7 13. Kh2 Nd4 14. Be3 Rf7 15. a3
Raf8 16. Rc1 Nh5 17. f3 Kh8 18. b4 1/2-1/2

[Event "4NCL/Div2a/BARY vs. WES1"]
[Site "Hinckley Island ENG"]
[Date "2010.02.21"]
[Round "6.2"]
[White "Kawuma, Steven Male"]
[Black "Dorrington, Chris J"]
[Result "0-1"]
[WhiteElo "2187"]
[BlackElo "2262"]
[PlyCount "86"]
[EventDate "2010.02.21"]
[SourceDate "2009.10.24"]

1. e4 c5 2. Nf3 e6 3. d4 cxd4 4. Nxd4 Nf6 5. Nc3 d6 6. Bd3 a6 7. O-O b5 8. a3
Bb7 9. Be3 Nbd7 10. f4 Qc7 11. Qf3 Be7 12. Kh1 Nc5 13. Rae1 Rd8 14. Bg1 g6 15.
Qg3 Qb8 16. Nf3 Qa8 17. Bd4 Rg8 18. Qh3 h5 19. Ng5 Ng4 20. Qg3 Nxd3 21. cxd3 d5
22. e5 Nh6 23. Nh7 Nf5 24. Qf2 Rh8 25. Nf6+ Kf8 26. Ne2 h4 27. h3 Kg7 28. Rc1
Rc8 29. Nd7 Rxc1 30. Rxc1 Qd8 31. Bb6 Qxd7 32. Rc7 Qe8 33. Rxb7 b4 34. axb4
Bxb4 35. Nd4 Nxd4 36. Bxd4 a5 37. Qe3 Qc6 38. Ra7 Rc8 39. Kh2 Qc1 40. Qf2 Be1
41. Qg1 Bg3+ 42. Kh1 Qxg1+ 43. Bxg1 Rc1 0-1

[Event "4NCL/Div2a/BARY vs. WES1"]
[Site "Hinckley Island ENG"]
[Date "2010.02.21"]
[Round "6.3"]
[White "Hodgson, John H"]
[Black "Neil, David R"]
[Result "1/2-1/2"]
[WhiteElo "2181"]
[BlackElo "2157"]
[PlyCount "57"]
[EventDate "2010.02.21"]
[SourceDate "2009.10.24"]

1. e4 e5 2. Nf3 Nc6 3. Bb5 a6 4. Ba4 Nf6 5. O-O Be7 6. Re1 b5 7. Bb3 O-O 8. a4
b4 9. d3 d6 10. a5 Rb8 11. Nbd2 Be6 12. Nc4 Nd7 13. Be3 Bf6 14. Ba4 Nd4 15.
Bxd4 exd4 16. h3 Nc5 17. Bc6 b3 18. cxb3 Rxb3 19. Ra3 Bxc4 20. dxc4 Rxa3 21.
bxa3 d3 22. Qd2 Qb8 23. Qb4 Qa7 24. Rb1 g6 25. g3 Bg7 26. Kg2 h6 27. h4 Kh7 28.
Qd2 Rb8 29. Rb4 1/2-1/2

[Event "4NCL/Div2a/BARY vs. WES1"]
[Site "Hinckley Island ENG"]
[Date "2010.02.21"]
[Round "6.4"]
[White "Simons, Martin J"]
[Black "Sen, Subin"]
[Result "1/2-1/2"]
[WhiteElo "2200"]
[BlackElo "2117"]
[PlyCount "35"]
[EventDate "2010.02.21"]
[SourceDate "2009.10.24"]

1. e4 c5 2. Nf3 d6 3. Bb5+ Bd7 4. Bxd7+ Nxd7 5. O-O Ngf6 6. Re1 Rc8 7. d4 cxd4
8. Qxd4 a6 9. Nc3 g6 10. Bg5 Bg7 11. Qd2 O-O 12. Bh6 Qc7 13. Rac1 Rfe8 14. Bxg7
Kxg7 15. Re3 b5 16. Nd5 Nxd5 17. Qxd5 Nb6 18. Qd3 1/2-1/2

[Event "4NCL/Div2a/BARY vs. WES1"]
[Site "Hinckley Island ENG"]
[Date "2010.02.21"]
[Round "6.5"]
[White "Manley, Jon P"]
[Black "de Coverly, Roger D"]
[Result "1-0"]
[WhiteElo "2146"]
[BlackElo "2109"]
[PlyCount "91"]
[EventDate "2010.02.21"]
[SourceDate "2009.10.24"]

1. e4 e5 2. Nc3 Nc6 3. Nf3 Nf6 4. Bb5 Bb4 5. O-O O-O 6. d3 d6 7. Bg5 Bxc3 8.
bxc3 h6 9. Bh4 Qe7 10. Re1 Nd8 11. d4 Ne6 12. Qc1 c5 13. Bc4 Nf4 14. dxe5 dxe5
15. Bd5 Rb8 16. c4 Ng6 17. Bg3 Nh5 18. a4 Ngf4 19. Ra3 a6 20. a5 Re8 21. Qe3
Bg4 22. Rb3 Bxf3 23. Qxf3 Nxg3 24. hxg3 Ne6 25. Rb6 Nd4 26. Qd3 Red8 27. Reb1
Nc6 28. Qb3 Nd4 29. Qb2 Rd7 30. c3 Ne6 31. Bxb7 Qg5 32. Bd5 Rbd8 33. Rxa6 Nc7
34. Rb6 Nxd5 35. cxd5 f5 36. c4 fxe4 37. Qe2 Rf7 38. Rb8 Rdf8 39. Rxf8+ Rxf8
40. a6 Qg6 41. Ra1 Ra8 42. a7 Kh7 43. d6 h5 44. d7 Qc6 45. Qxh5+ Kg8 46. Qd1
1-0